| 000 | 01419nam a2200337 a 4500 | ||
|---|---|---|---|
| 001 | 000021141 | ||
| 003 | DO-SdBPM | ||
| 005 | 20241111082811.0 | ||
| 008 | 100901t1982 dr ac 001 0 spa d | ||
| 040 |
_aDO-SdBPM _bspa _cBPMSU |
||
| 082 |
_a302.072 _bR696t 1982 _222 |
||
| 100 | 1 | _aRodríguez Velez, Wendalina | |
| 245 | 1 | 3 |
_aEl turbante blanco : _bmuertos, santos y vivos en lucha política / _cWendalina Rodríguez Vélez ; prólogo Euribíades Concepción Reynoso ; cuidado de edición José Chez Checo, Clara Leyla Alfonso. |
| 260 |
_aSanto Domingo : _bMuseo del Hombre Dominicano, _c1982. |
||
| 300 |
_a402 p. : _bil., retrs. ; _c23 cm. |
||
| 490 | 0 | _aInvestigaciones antropológicas | |
| 504 | _aIncluye bibliografía y notas al pie de páginas. | ||
| 504 | _aBibliografía : p.399-402. | ||
| 590 | _aInventariado, 2024/VM | ||
| 650 | 4 |
_aAntropología cultural _xInvestigaciones _zRepública Dominicana |
|
| 650 | 4 |
_aCulturas tradicionales _zRepública Dominicana |
|
| 650 | 4 |
_aFolclor _zRepública Dominicana |
|
| 651 | 4 |
_aRepública Dominicana _xVida Social Y Costumbres |
|
| 651 | 4 |
_aRepública Dominicana _xVida Religiosa Y Costumbres |
|
| 700 | 1 |
_aConcepción Reynoso, Euribíades, _eprólogo |
|
| 700 | 1 |
_aChez Checo, José, _d1949- _eeditor |
|
| 700 | 1 |
_aAlfonso, Clara Leyla, _eeditor |
|
| 710 | 2 | _aMuseo del Hombre Dominicano | |
| 910 | _aVMateo V. Control de calidad BPMSU | ||
| 942 |
_2ddc _cBK |
||
| 999 |
_c14853 _d14853 |
||